[Event "Turkey Cup 2019"]
[Site "Belek"]
[Date "2019.01.31"]
[Round "8.78"]
[White "Aslanhan, Halis"]
[Black "Lokman, Hilmi Merih"]
[Result "1-0"]
[WhiteElo "1779"]
[BlackElo "1597"]
[Annotator "NA"]
[PlyCount "39"]
[EventDate "2019.01.27"]
[EventType "swiss"]
[EventCountry "TUR"]
[SourceTitle "playchess.com"]
[Source "ChessBase"]
[SourceQuality "1"]

1. e4 c6 2. d4 d5 3. f3 e6 4. e5 c5 5. c3 cxd4 6. cxd4 Nc6 7. Bb5 Qa5+ 8. Nc3 Bb4 9. Bxc6+ bxc6 10. Bd2 Qb6 11. a3 Be7 12. Nge2 c5 13. dxc5 Qxc5 14. Rc1 Qb6 15. Na4 Qb8 16. Qc2 Bd7 17. Nc5 Bxc5 18. Qxc5 Qxe5 19. Bb4 Rc8 20. Qf8# 1-0

[Event "Turkey Cup 2019"]
[Site "Belek"]
[Date "2019.01.31"]
[Round "8.79"]
[White "Dinc, Melih"]
[Black "Bulut, Nazim"]
[Result "1-0"]
[WhiteElo "1729"]
[BlackElo "1496"]
[Annotator "NA"]
[PlyCount "54"]
[EventDate "2019.01.27"]
[EventType "swiss"]
[EventCountry "TUR"]
[SourceTitle "playchess.com"]
[Source "ChessBase"]
[SourceQuality "1"]

1. e4 e5 2. d4 exd4 3. Nf3 d6 4. Bc4 h6 5. Nxd4 Bd7 6. Nc3 Nc6 7. O-O Nf6 8. f4 Be7 9. Nf5 Bxf5 10. exf5 Qd7 11. Bd3 a6 12. a3 O-O-O 13. b4 Na7 14. Be3 Kb8 15. b5 c5 16. bxa6 b5 17. Nxb5 d5 18. Rb1 Qc6 19. Nd4+ Ka8 20. Nxc6 Nxc6 21. Bb5 Na7 22. c4 Nxb5 23. Rxb5 Ne4 24. Qc2 Rhe8 25. cxd5 Bf6 26. a7 Rxd5 27. Rb8+ Rxb8 1-0

[Event "Turkey Cup 2019"]
[Site "Belek"]
[Date "2019.01.31"]
[Round "8.80"]
[White "Ilcin, Murat Veysi"]
[Black "Ozsayin, Elif"]
[Result "0-1"]
[WhiteElo "1653"]
[BlackElo "1613"]
[Annotator "NA"]
[PlyCount "138"]
[EventDate "2019.01.27"]
[EventType "swiss"]
[EventCountry "TUR"]
[SourceTitle "playchess.com"]
[Source "ChessBase"]
[SourceQuality "1"]

1. d4 d5 2. c4 c6 3. Nf3 e6 4. a3 f5 5. Bg5 Nf6 6. e3 Bd6 7. c5 Bc7 8. Bd3 O-O 9. O-O Nbd7 10. Qc2 Qe8 11. Bf4 Bb8 12. Bxb8 Rxb8 13. b4 g6 14. Nc3 e5 15. dxe5 Nxe5 16. Nxe5 Qxe5 17. Ne2 Re8 18. h3 Ne4 19. Bxe4 fxe4 20. Qc3 Qc7 21. a4 Rf8 22. Rab1 g5 23. b5 h5 24. Nd4 Bd7 25. Rb2 g4 26. hxg4 Bxg4 27. Rfb1 cxb5 28. axb5 Qg7 29. Kh1 Qg5 30. c6 Rf7 31. Qc5 Rbf8 32. Qd6 bxc6 33. bxc6 Rxf2 34. Rxf2 Qh4+ 35. Qh2 Qxf2 36. c7 Qxe3 37. Qe5 Qf4 38. Qxd5+ Kh8 39. Nb5 e3 40. Qd4+ Qxd4 41. Nxd4 Rc8 42. Rb8 Kg7 43. Kg1 Rxc7 44. Re8 Rc1+ 45. Kh2 e2 46. Nxe2 Re1 47. Re7+ Kf6 48. Rxa7 Rxe2 49. Kg3 Kg5 50. Ra5+ Bf5 51. Kf3 Rb2 52. g3 Rb3+ 53. Kg2 Rb4 54. Kf3 Rb3+ 55. Kg2 Kf6 56. Kf2 Bg4 57. Kg2 Rb2+ 58. Kg1 Bf5 59. Ra4 Kg5 60. Rd4 Bh3 61. Rh4 Rg2+ 62. Kh1 Rxg3 63. Ra4 Bf5 64. Kh2 Rg4 65. Ra5 h4 66. Rc5 h3 67. Ra5 Rg2+ 68. Kh1 Rb2 69. Rc5 Kf4 0-1

[Event "Turkey Cup 2019"]
[Site "Belek"]
[Date "2019.01.31"]
[Round "8.81"]
[White "Baspinar, Mehmet"]
[Black "Karakaya, Mehmet"]
[Result "1/2-1/2"]
[WhiteElo "1558"]
[BlackElo "1494"]
[Annotator "NA"]
[PlyCount "114"]
[EventDate "2019.01.27"]
[EventType "swiss"]
[EventCountry "TUR"]
[SourceTitle "playchess.com"]
[Source "ChessBase"]
[SourceQuality "1"]

1. d4 Nf6 2. c4 c5 3. e3 g6 4. Nf3 Bg7 5. Nc3 O-O 6. d5 d6 7. e4 Nbd7 8. Bd3 Ng4 9. h3 Nge5 10. Nxe5 Nxe5 11. g4 e6 12. g5 f5 13. f4 Nxd3+ 14. Qxd3 Bxc3+ 15. bxc3 fxe4 16. Qxe4 Re8 17. O-O e5 18. fxe5 Rxe5 19. Qf3 Bf5 20. Qg3 Re4 21. Rf4 Qe7 22. Bd2 Qe5 23. Re1 Rxe1+ 24. Bxe1 Re8 25. Bd2 Qe2 26. Rf2 Qd1+ 27. Kh2 Re2 28. Qf4 Qf1 29. Rxe2 Qxe2+ 30. Kg3 Qd3+ 31. Kf2 Bxh3 32. a3 Qf1+ 33. Ke3 Qxf4+ 34. Kxf4 Kf7 35. Be3 Bf1 36. Ke4 Bxc4 37. Bf4 Ke7 38. Be3 a6 39. Bd2 b5 40. Bc1 a5 41. Bd2 a4 42. Be1 Bf1 43. Kf3 Kd7 44. Bd2 Kc7 45. Be1 Kb6 46. Bd2 c4 47. Be3+ Kc7 48. Ke4 Bd3+ 49. Kd4 Kd7 50. Bf4 Bf5 51. Ke3 Ke7 52. Kd4 Kd7 53. Be3 Bd3 54. Bd2 Kc7 55. Bc1 Kd7 56. Bb2 Kc7 57. Bc1 Kd7 1/2-1/2

[Event "Turkey Cup 2019"]
[Site "Belek"]
[Date "2019.01.31"]
[Round "8.82"]
[White "Ersoy, Emre"]
[Black "Sabahi, Cem"]
[Result "1-0"]
[WhiteElo "1591"]
[BlackElo "1642"]
[Annotator "NA"]
[PlyCount "175"]
[EventDate "2019.01.27"]
[EventType "swiss"]
[EventCountry "TUR"]
[SourceTitle "playchess.com"]
[Source "ChessBase"]
[SourceQuality "1"]

1. e4 g6 2. d4 Bg7 3. Nf3 d6 4. Nc3 c6 5. a4 Bg4 6. Be3 Nd7 7. h3 Bxf3 8. Qxf3 e5 9. Bc4 Ngf6 10. Bb3 O-O 11. g4 Qe7 12. dxe5 dxe5 13. h4 Nc5 14. Bxc5 Qxc5 15. O-O-O Qe7 16. h5 Bh6+ 17. Kb1 Kg7 18. hxg6 hxg6 19. Rxh6 Kxh6 20. g5+ Kg7 21. gxf6+ Qxf6 22. Qxf6+ Kxf6 23. Rd7 Rab8 24. Kc1 g5 25. Nd1 Kg6 26. Ne3 f6 27. Be6 g4 28. Bf5+ Kg5 29. Rg7+ Kf4 30. Rxg4+ Kf3 31. Nd1 Rg8 32. Rh4 Rbd8 33. Rh3+ Ke2 34. Re3+ Kf1 35. Bh3+ Kg1 36. f3 Rh8 37. Re1+ Kh2 38. Bg4 Kg2 39. Re2+ Kg3 40. Rd2 b6 41. Rxd8 Rxd8 42. Ne3 Kf2 43. Nf5 Ke1 44. b3 c5 45. Ne7 a6 46. Nd5 Rd6 47. Ne3 b5 48. Kb2 Kd2 49. Nd5 bxa4 50. bxa4 c4 51. a5 Rc6 52. Nb6 Rc5 53. Bd7 c3+ 54. Kb3 Rc7 55. Nc4+ Ke2 56. Bg4 Rc5 57. Kxc3 Rb5 58. f4+ Kf2 59. fxe5 fxe5 60. Bc8 Kf3 61. Bxa6 Rb8 62. Nxe5+ Kxe4 63. Nc4 Kd5 64. Nb6+ Kc6 65. Kb4 Rh8 66. c4 Rh2 67. Bb5+ Kb7 68. Kc5 Rh5+ 69. Nd5 Rh6 70. a6+ Ka7 71. Nb4 Rh5+ 72. Kd6 Rh6+ 73. Kc7 Rh7+ 74. Bd7 Rg7 75. Nc6+ Kxa6 76. Nb8+ Ka7 77. c5 Rg5 78. Nc6+ Ka6 79. Kd6 Kb7 80. Ne5 Rh5 81. c6+ Ka8 82. c7 Rh6+ 83. Be6 Rh8 84. Nc6 Rc8 85. Nd4 Rxc7 86. Kxc7 Ka7 87. Bc8 Ka8 88. Bb7+ 1-0

[Event "Turkey Cup 2019"]
[Site "Belek"]
[Date "2019.01.31"]
[Round "8.83"]
[White "Pasa, Ahmet"]
[Black "Tahaoglu, Erkin"]
[Result "0-1"]
[WhiteElo "1543"]
[BlackElo "1714"]
[Annotator "NA"]
[PlyCount "132"]
[EventDate "2019.01.27"]
[EventType "swiss"]
[EventCountry "TUR"]
[SourceTitle "playchess.com"]
[Source "ChessBase"]
[SourceQuality "1"]

1. e4 d5 2. exd5 Qxd5 3. Nc3 Qd6 4. d4 c6 5. Be3 Nf6 6. Nf3 Bg4 7. h3 Bh5 8. g4 Bg6 9. Ne5 e6 10. Qd2 Nbd7 11. Nxg6 hxg6 12. Bg2 Qc7 13. O-O-O Bd6 14. Kb1 Nd5 15. Nxd5 exd5 16. Rhe1 O-O-O 17. a3 f6 18. Qd3 g5 19. Bc1 Rhe8 20. Qg6 Rxe1 21. Rxe1 Nf8 22. Qf5+ Qd7 23. Qxd7+ Kxd7 24. Bf1 Re8 25. Re3 Ne6 26. c3 Bf4 27. Re1 Bxc1 28. Kxc1 Rh8 29. a4 Nf4 30. Re3 b6 31. b4 Kd6 32. Kc2 Kd7 33. Kb3 Kd6 34. Kc2 Ra8 35. Kb3 Rh8 36. Kc2 a5 37. bxa5 bxa5 38. Kc1 Ne6 39. Kc2 c5 40. dxc5+ Nxc5 41. Bb5 Ne4 42. Rf3 Rc8 43. Kb2 Rc5 44. Ba6 Rc7 45. Bb5 Ke7 46. Re3 Kd6 47. Rf3 Nd2 48. Rd3 Nc4+ 49. Kb3 Ne5 50. Re3 g6 51. Ba6 f5 52. gxf5 gxf5 53. Rg3 g4 54. hxg4 fxg4 55. Be2 Rg7 56. Bd1 Nc4 57. Rxg4 Rb7+ 58. Ka2 Rb2+ 59. Ka1 Rxf2 60. Bb3 Nd2 61. Ba2 Ne4 62. c4 Nc3 63. Bb3 d4 64. Rxd4+ Kc5 65. Rd8 Kb4 66. c5 Kxb3 0-1

[Event "Turkey Cup 2019"]
[Site "Belek"]
[Date "2019.01.31"]
[Round "8.84"]
[White "Sarioglu, Burak"]
[Black "Gungor, Cihan Akif"]
[Result "0-1"]
[WhiteElo "1295"]
[BlackElo "1588"]
[Annotator "NA"]
[PlyCount "63"]
[EventDate "2019.01.27"]
[EventType "swiss"]
[EventCountry "TUR"]
[SourceTitle "playchess.com"]
[Source "ChessBase"]
[SourceQuality "1"]

1. d4 Nf6 2. c4 c5 3. d5 b5 4. cxb5 a6 5. b6 d6 6. Nc3 Qxb6 7. e4 g6 8. Nf3 Bg7 9. Nd2 O-O 10. Nc4 Qc7 11. Be2 Nbd7 12. Qa4 Nb6 13. Qa5 Nfd7 14. O-O Qd8 15. Nxb6 Qxb6 16. Qxb6 Nxb6 17. a4 Nd7 18. a5 Rb8 19. Rb1 Bxc3 20. b3 Bxa5 21. f4 Bc3 22. Rf3 Bd4+ 23. Kh1 Nf6 24. Bd3 Ng4 25. h3 Nf2+ 26. Kh2 Nxd3 27. Rxd3 a5 28. Ba3 Ba6 29. Rf3 a4 30. b4 cxb4 31. Bc1 Be2 32. Ra1 0-1

[Event "Turkey Cup 2019"]
[Site "Belek"]
[Date "2019.01.31"]
[Round "8.85"]
[White "Kalinoglu, Yagiz"]
[Black "Ceylan, Sezer"]
[Result "0-1"]
[WhiteElo "1253"]
[BlackElo "1689"]
[Annotator "NA"]
[PlyCount "78"]
[EventDate "2019.01.27"]
[EventType "swiss"]
[EventCountry "TUR"]
[SourceTitle "playchess.com"]
[Source "ChessBase"]
[SourceQuality "1"]

1. e4 d6 2. d4 Nf6 3. Nc3 g6 4. f4 Bg7 5. Nf3 O-O 6. Be2 Bg4 7. O-O c6 8. e5 dxe5 9. dxe5 Nd5 10. Nxd5 cxd5 11. h3 Bxf3 12. Bxf3 e6 13. Be3 Nc6 14. g4 Bh6 15. Qe2 Rc8 16. Rad1 Qc7 17. Rfe1 Bg7 18. Bf2 b6 19. Bg3 Ne7 20. c3 b5 21. Bh4 Rfe8 22. Bxe7 Rxe7 23. f5 exf5 24. Rxd5 fxg4 25. Bxg4 Rce8 26. Qxb5 Bxe5 27. Kg2 Rb8 28. Qe2 Bf6 29. Qf2 Rxe1 30. Qxe1 Rxb2+ 31. Be2 Qc6 32. c4 Qxc4 33. Rd2 Qe4+ 34. Kf2 Bh4+ 35. Kg1 Bxe1 36. Rd8+ Kg7 37. Bf1 Bf2+ 38. Kh2 Be3+ 39. Kg3 Qf4# 0-1

[Event "Turkey Cup 2019"]
[Site "Belek"]
[Date "2019.01.31"]
[Round "8.86"]
[White "Bek, Emir"]
[Black "Atik, Muhammed Ihsan"]
[Result "0-1"]
[WhiteElo "1844"]
[BlackElo "1464"]
[Annotator "NA"]
[PlyCount "64"]
[EventDate "2019.01.27"]
[EventType "swiss"]
[EventCountry "TUR"]
[SourceTitle "playchess.com"]
[Source "ChessBase"]
[SourceQuality "1"]

1. d4 g6 2. e4 Bg7 3. f4 d6 4. Nf3 a6 5. Bd3 b5 6. O-O Nd7 7. e5 c5 8. c3 Bb7 9. Ng5 e6 10. f5 gxf5 11. Bxf5 exf5 12. e6 Nh6 13. exf7+ Nxf7 14. Ne6 Qf6 15. Qe2 Be4 16. Nc7+ Kd8 17. Nxa8 Bxa8 18. dxc5 Nxc5 19. Bf4 Re8 20. Qf2 Bh6 21. Bxh6 Nxh6 22. b4 Nd3 23. Qa7 Bd5 24. Nd2 Re2 25. Nf3 Ne5 26. Ne1 Nhf7 27. Rd1 Bc6 28. Qxa6 Ng5 29. a4 Nh3+ 30. Kh1 Qg6 31. Rf3 Nxf3 32. Qxc6 Nf2# 0-1

[Event "Turkey Cup 2019"]
[Site "Belek"]
[Date "2019.01.31"]
[Round "8.87"]
[White "Demir, Hilmi Mustafa"]
[Black "Ustaoglu, Baran"]
[Result "1-0"]
[WhiteElo "1809"]
[BlackElo "1194"]
[Annotator "NA"]
[PlyCount "133"]
[EventDate "2019.01.27"]
[EventType "swiss"]
[EventCountry "TUR"]
[SourceTitle "playchess.com"]
[Source "ChessBase"]
[SourceQuality "1"]

1. e4 c5 2. Nc3 Nc6 3. f4 d6 4. Nf3 e6 5. Be2 Nf6 6. O-O g6 7. Qe1 Bg7 8. d3 a6 9. Bd1 Nd4 10. e5 dxe5 11. Nxe5 O-O 12. Qh4 Nd7 13. Qxd8 Rxd8 14. Nc4 b5 15. Nd6 Nf6 16. Nxc8 Raxc8 17. Ne2 c4 18. Nxd4 Rxd4 19. dxc4 Rdxc4 20. c3 Nd5 21. Be2 R4c5 22. Bd2 Bh6 23. a4 e5 24. axb5 axb5 25. b4 R5c7 26. Bxb5 exf4 27. c4 Ne3 28. Rfc1 Bg7 29. Ra2 Bd4 30. Kh1 Ng4 31. Bxf4 Re7 32. Bd6 Re4 33. h3 Nf2+ 34. Kh2 Nd3 35. Rd1 Be5+ 36. Bxe5 Nxe5 37. Rc2 Kg7 38. Ba6 Rc7 39. Rb1 Rd4 40. b5 Rdxc4 41. Rxc4 Nxc4 42. b6 Nxb6 43. Rxb6 h5 44. Rb7 Rc5 45. Bb5 h4 46. Kg1 Rf5 47. Be2 Rf4 48. Bf3 Rf6 49. Kf2 Rf5 50. Ke3 Rf6 51. Rb4 g5 52. Rb7 Kh6 53. Bd5 Kg7 54. Ke4 Rf4+ 55. Ke5 Rf6 56. Rxf7+ Rxf7 57. Bxf7 Kxf7 58. Kf5 Kg7 59. Kxg5 Kh7 60. Kxh4 Kh6 61. g4 Kg6 62. g5 Kf7 63. Kh5 Kg7 64. g6 Kg8 65. Kh6 Kh8 66. g7+ Kg8 67. h4 1-0

[Event "Turkey Cup 2019"]
[Site "Belek"]
[Date "2019.01.31"]
[Round "8.88"]
[White "Atay, Sergen"]
[Black "Odabasi, Nail"]
[Result "*"]
[WhiteElo "1769"]
[BlackElo "1525"]
[Annotator "NA"]
[PlyCount "67"]
[EventDate "2019.01.27"]
[EventType "swiss"]
[EventCountry "TUR"]
[SourceTitle "playchess.com"]
[Source "ChessBase"]
[SourceQuality "1"]

1. c4 e5 2. Nc3 Nc6 3. Nf3 d6 4. g3 f5 5. d3 Nf6 6. Bg2 Be7 7. Rb1 O-O 8. b4 e4 9. dxe4 fxe4 10. Ng5 Kh8 11. O-O d5 12. b5 h6 13. bxc6 bxc6 14. Nh3 Bxh3 15. Bxh3 d4 16. Na4 c5 17. Ba3 Nd7 18. Bxd7 Qxd7 19. Bxc5 Bxc5 20. Nxc5 Qc6 21. Qxd4 Rad8 22. Qe3 Rf5 23. Nxe4 Re5 24. f3 Qxc4 25. a3 c5 26. Rfc1 Qd4 27. Qxd4 cxd4 28. Rd1 g5 29. Rb7 Rf5 30. g4 Rff8 31. Kf2 a5 32. Ra7 Rd5 33. Rb1 d3 34. Rbb7 *

[Event "Turkey Cup 2019"]
[Site "Belek"]
[Date "2019.01.31"]
[Round "8.89"]
[White "Kizilkus, Tanju"]
[Black "Araboga, Mesut"]
[Result "0-1"]
[WhiteElo "1585"]
[BlackElo "1697"]
[Annotator "NA"]
[PlyCount "72"]
[EventDate "2019.01.27"]
[EventType "swiss"]
[EventCountry "TUR"]
[SourceTitle "playchess.com"]
[Source "ChessBase"]
[SourceQuality "1"]

1. d4 d5 2. c4 c6 3. Nc3 Nf6 4. Nf3 Bf5 5. e3 e6 6. Be2 Be7 7. O-O O-O 8. Qb3 Qb6 9. Bd2 Nbd7 10. Na4 Qxb3 11. axb3 Bc2 12. Bd1 Bd3 13. cxd5 Bxf1 14. dxe6 Bxg2 15. exf7+ Rxf7 16. Kxg2 Ne4 17. Be1 Raf8 18. b4 Kh8 19. Nc5 Ndxc5 20. bxc5 a6 21. Ra3 g5 22. h3 h5 23. Rb3 Bf6 24. Nh2 g4 25. hxg4 Bh4 26. Bf3 Bxf2 27. Ba5 Ng5 28. Be2 h4 29. e4 h3+ 30. Kh1 Bxd4 31. Bd2 Nxe4 32. Rxh3+ Kg8 33. Be1 Nf2+ 34. Bxf2 Rxf2 35. Bc4+ Kg7 36. g5 Rxb2 0-1

[Event "Turkey Cup 2019"]
[Site "Belek"]
[Date "2019.01.31"]
[Round "8.90"]
[White "Kurt, Emre"]
[Black "Saglamer, Aysen"]
[Result "1-0"]
[WhiteElo "1677"]
[BlackElo "1499"]
[Annotator "NA"]
[PlyCount "71"]
[EventDate "2019.01.27"]
[EventType "swiss"]
[EventCountry "TUR"]
[SourceTitle "playchess.com"]
[Source "ChessBase"]
[SourceQuality "1"]

1. d4 d5 2. c4 e6 3. Nc3 Be7 4. Nf3 Nf6 5. Bf4 O-O 6. e3 b6 7. Be2 Bb7 8. O-O Nbd7 9. h3 c5 10. Rc1 Rc8 11. cxd5 exd5 12. b3 Re8 13. a4 a6 14. Ne5 Nxe5 15. dxe5 Ne4 16. Nxe4 dxe4 17. Qc2 Qd5 18. Rfd1 Qc6 19. Qc4 Rcd8 20. Kf1 Qe6 21. Qc2 g5 22. Bg3 Qg6 23. Rxd8 Bxd8 24. Rd1 Bc7 25. Rd7 Qc6 26. e6 Bxg3 27. exf7+ Kf8 28. fxe8=Q+ Kxe8 29. Rxb7 Qxb7 30. fxg3 Qf7+ 31. Kg1 Qb7 32. Qc4 a5 33. Qg8+ Kd7 34. Qxh7+ Kc8 35. Qxb7+ Kxb7 36. h4 1-0

[Event "Turkey Cup 2019"]
[Site "Belek"]
[Date "2019.01.31"]
[Round "8.91"]
[White "Kiray, Tuncer Efe"]
[Black "Yanikoglu, Omer"]
[Result "0-1"]
[WhiteElo "1556"]
[BlackElo "1664"]
[Annotator "NA"]
[PlyCount "146"]
[EventDate "2019.01.27"]
[EventType "swiss"]
[EventCountry "TUR"]
[SourceTitle "playchess.com"]
[Source "ChessBase"]
[SourceQuality "1"]

1. e4 c5 2. Nf3 d6 3. d4 cxd4 4. c3 dxc3 5. Nxc3 Nc6 6. Bc4 e6 7. Bf4 a6 8. O-O Be7 9. Qe2 Nf6 10. Rfd1 Qc7 11. Rac1 O-O 12. Bb3 e5 13. Be3 Qb8 14. Na4 Bd8 15. Bb6 Bg4 16. Qd3 h6 17. Rd2 Nh5 18. Qxd6 Bxf3 19. gxf3 Bg5 20. Qxb8 Raxb8 21. Be3 Nd4 22. Bd1 Rbc8 23. Rxc8 Rxc8 24. Rd3 Nf4 25. Bxf4 Bxf4 26. Nc3 g5 27. Kg2 Bc1 28. Nd5 Kf8 29. b4 Ne6 30. Bb3 Ba3 31. Rd1 Nd4 32. Rd3 Bc1 33. Nf6 Bf4 34. Nd7+ Kg7 35. Nc5 Rc7 36. Bd5 a5 37. Nxb7 axb4 38. Nd6 Rc1 39. Nf5+ Nxf5 40. exf5 Rc2 41. Bb3 Rd2 42. Rxd2 Bxd2 43. Kg3 h5 44. h4 f6 45. hxg5 fxg5 46. Be6 Kf6 47. Kh3 Bc3 48. Kg3 Bd4 49. Kg2 Bc5 50. Kg3 h4+ 51. Kg2 Ke7 52. Bb3 Bb6 53. Bc4 Bd8 54. Bb3 Kd6 55. Be6 Kc5 56. Bb3 Kd4 57. Be6 Kd3 58. Bb3 Kd2 59. Be6 Ke1 60. Bb3 Be7 61. Be6 Bc5 62. f6 Bxf2 63. f7 Bc5 64. Bd5 Ke2 65. Kh3 Ke3 66. Kg4 Be7 67. Bb3 h3 68. Kxh3 Kxf3 69. Bd1+ Kf4 70. Kg2 e4 71. Kf2 Bc5+ 72. Kg2 Ke3 73. Kg3 Kd2 0-1

[Event "Turkey Cup 2019"]
[Site "Belek"]
[Date "2019.01.31"]
[Round "8.92"]
[White "Sazlik, Mucahit"]
[Black "Caglar, Mehmet Halil"]
[Result "0-1"]
[WhiteElo "1527"]
[BlackElo "1666"]
[Annotator "NA"]
[PlyCount "66"]
[EventDate "2019.01.27"]
[EventType "swiss"]
[EventCountry "TUR"]
[SourceTitle "playchess.com"]
[Source "ChessBase"]
[SourceQuality "1"]

1. d4 g6 2. c4 Bg7 3. Nc3 c5 4. d5 d6 5. e4 Na6 6. Bd3 Nh6 7. Nge2 Nc7 8. Bf4 Ng4 9. Qd2 a6 10. O-O Bd7 11. a4 O-O 12. h3 Ne5 13. Be3 Bxh3 14. f4 Nxd3 15. Qxd3 Bg4 16. Ng3 Ne8 17. Nd1 Rb8 18. Nf2 Bd7 19. Qd2 e6 20. Rad1 exd5 21. Qxd5 Bxa4 22. Rd2 Bc6 23. Qd3 b5 24. Bxc5 bxc4 25. Qa3 Rb3 26. Qxa6 Bb5 27. Qb7 Qh4 28. Ne2 dxc5 29. e5 c3 30. Nxc3 Bc4 31. Qa7 Bxf1 32. Kxf1 Qxf4 33. Qxc5 Qxd2 0-1

[Event "Turkey Cup 2019"]
[Site "Belek"]
[Date "2019.01.31"]
[Round "8.93"]
[White "Erkam, Hakan Oguzcan"]
[Black "Gonen, Mutlu"]
[Result "1/2-1/2"]
[WhiteElo "1483"]
[BlackElo "1634"]
[Annotator "NA"]
[PlyCount "70"]
[EventDate "2019.01.27"]
[EventType "swiss"]
[EventCountry "TUR"]
[SourceTitle "playchess.com"]
[Source "ChessBase"]
[SourceQuality "1"]

1. d4 d5 2. Nf3 Nf6 3. Bf4 e6 4. e3 c5 5. c3 Nc6 6. Nbd2 Be7 7. Bd3 O-O 8. O-O c4 9. Bc2 b5 10. e4 dxe4 11. Nxe4 Bb7 12. Nfg5 Nxe4 13. Nxe4 f5 14. Nd2 g5 15. Bg3 Qd5 16. f3 Bf6 17. Qe2 Rae8 18. b3 Na5 19. bxc4 bxc4 20. Rab1 Rc8 21. Rfe1 Rfe8 22. Ba4 Bc6 23. Bxc6 Nxc6 24. Nf1 f4 25. Bf2 e5 26. dxe5 Nxe5 27. Qe4 Qxe4 28. Rxe4 Nd3 29. Nd2 Bxc3 30. Rxe8+ Rxe8 31. Nxc4 Nxf2 32. Kxf2 Rc8 33. Nd6 Rd8 34. Ne4 Bd4+ 35. Ke2 h6 1/2-1/2

[Event "Turkey Cup 2019"]
[Site "Belek"]
[Date "2019.01.31"]
[Round "8.94"]
[White "Hanci, Ilker"]
[Black "Hasanoglu, Hakan"]
[Result "1/2-1/2"]
[WhiteElo "1615"]
[BlackElo "1646"]
[Annotator "NA"]
[PlyCount "83"]
[EventDate "2019.01.27"]
[EventType "swiss"]
[EventCountry "TUR"]
[SourceTitle "playchess.com"]
[Source "ChessBase"]
[SourceQuality "1"]

1. e4 c5 2. Nf3 d6 3. d4 cxd4 4. Nxd4 Nf6 5. Nc3 a6 6. Be2 e5 7. Nb3 Be7 8. O-O O-O 9. Be3 Be6 10. f3 Nbd7 11. f4 exf4 12. Bxf4 Ne5 13. h3 b5 14. a4 b4 15. Nd5 Nxe4 16. Qd4 Bxd5 17. Qxd5 Qb6+ 18. Kh2 Nf6 19. Qd2 Ng6 20. Be3 Qc7 21. Nd4 d5+ 22. Kg1 Ne4 23. Qe1 Bd6 24. Nf5 Qxc2 25. Rc1 Qxa4 26. Bf3 Be5 27. Bxe4 dxe4 28. Bc5 Rfe8 29. Qf2 f6 30. h4 Nf4 31. Qe3 Nd5 32. Qh3 h5 33. Bd6 Bxb2 34. Qg3 Qd7 35. Qg6 Bxc1 36. Rxc1 Ra7 37. Rc5 e3 38. Rxd5 e2 39. Nh6+ Kh8 40. Nf7+ Kg8 41. Nh6+ Kh8 42. Nf7+ 1/2-1/2

[Event "Turkey Cup 2019"]
[Site "Belek"]
[Date "2019.01.31"]
[Round "8.95"]
[White "Ulupinar, Furkan"]
[Black "Kavalci, Emin"]
[Result "1-0"]
[WhiteElo "1578"]
[BlackElo "1495"]
[Annotator "NA"]
[PlyCount "64"]
[EventDate "2019.01.27"]
[EventType "swiss"]
[EventCountry "TUR"]
[SourceTitle "playchess.com"]
[Source "ChessBase"]
[SourceQuality "1"]

1. e4 d6 2. d4 Nf6 3. Nc3 g6 4. h3 a6 5. Be3 b5 6. a3 Nbd7 7. Nf3 Nb6 8. Bd3 Bb7 9. Qd2 Nfd7 10. d5 Bg7 11. Bh6 Bf6 12. O-O e6 13. Rfe1 Qe7 14. a4 bxa4 15. Nxa4 Nxa4 16. Rxa4 Nc5 17. Ra2 Nxd3 18. cxd3 e5 19. Rc1 Qd7 20. Qa5 Bd8 21. Qb4 c5 22. dxc6 Bxc6 23. Qc3 Rc8 24. Nxe5 dxe5 25. Qxe5+ Qe6 26. Qxh8+ Kd7 27. Qd4+ Ke8 28. Rxa6 Bf6 29. Qb4 Be7 30. Raxc6 Rxc6 31. Qb5 Kd7 32. Qb7+ Kd8 1-0

[Event "Turkey Cup 2019"]
[Site "Belek"]
[Date "2019.01.31"]
[Round "8.96"]
[White "Yilmaz, Mehmet Berat"]
[Black "Ocakacan, Deniz"]
[Result "0-1"]
[WhiteElo "1374"]
[BlackElo "1679"]
[Annotator "NA"]
[PlyCount "92"]
[EventDate "2019.01.27"]
[EventType "swiss"]
[EventCountry "TUR"]
[SourceTitle "playchess.com"]
[Source "ChessBase"]
[SourceQuality "1"]

1. e4 c5 2. c3 d5 3. exd5 Qxd5 4. d4 Nf6 5. Nf3 e6 6. Be2 Be7 7. O-O O-O 8. Be3 cxd4 9. cxd4 a6 10. Nc3 Qd6 11. h3 Nc6 12. Rc1 Nb4 13. a3 Nbd5 14. Nxd5 Nxd5 15. Bc4 b5 16. Bb3 Bb7 17. Re1 Rfd8 18. Ne5 Bf6 19. Nd3 Nxe3 20. fxe3 Bxd4 21. exd4 Qxd4+ 22. Nf2 Qxb2 23. Qc2 Qxa3 24. Red1 Rdc8 25. Qa2 Qxa2 26. Bxa2 Rxc1 27. Rxc1 Rc8 28. Rxc8+ Bxc8 29. Kf1 Kf8 30. Ke2 Ke7 31. Kd3 e5 32. Ke4 f6 33. g3 Be6 34. Bxe6 Kxe6 35. Nd3 f5+ 36. Ke3 a5 37. g4 g6 38. Nc5+ Kd5 39. Nd7 f4+ 40. Kf3 e4+ 41. Ke2 Kd4 42. Nf6 f3+ 43. Kf2 b4 44. Nxh7 b3 45. Ng5 b2 46. Nxf3+ exf3 0-1

[Event "Turkey Cup 2019"]
[Site "Belek"]
[Date "2019.01.31"]
[Round "8.96"]
[White "Yilmaz, Mehmet Berat"]
[Black "Ocakacan, Deniz"]
[Result "*"]
[WhiteElo "1374"]
[BlackElo "1679"]
[Annotator "NA"]
[PlyCount "60"]
[EventDate "2019.01.27"]
[EventType "swiss"]
[EventCountry "TUR"]
[SourceTitle "playchess.com"]
[Source "ChessBase"]
[SourceQuality "1"]

1. e4 c5 2. c3 d5 3. exd5 Qxd5 4. d4 Nf6 5. Nf3 e6 6. Be2 Be7 7. O-O O-O 8. Be3 cxd4 9. cxd4 a6 10. Nc3 Qd6 11. h3 Nc6 12. Rc1 Nb4 13. a3 Nbd5 14. Nxd5 Nxd5 15. Bc4 b5 16. Bb3 Bb7 17. Re1 Rfd8 18. Ne5 Bf6 19. Nd3 Nxe3 20. fxe3 Bxd4 21. exd4 Qxd4+ 22. Nf2 Qxb2 23. Qc2 Qxa3 24. Red1 Rdc8 25. Qa2 Qxa2 26. Bxa2 Rxc1 27. Rxc1 Rc8 28. Kf1 Kf8 29. Ke2 Ke7 30. Kd3 e5 *

[Event "Turkey Cup 2019"]
[Site "Belek"]
[Date "2019.02.01"]
[Round "9.1"]
[White "Eren, Ataberk"]
[Black "Kamer, Kayra"]
[Result "1-0"]
[WhiteElo "2171"]
[BlackElo "2417"]
[Annotator "ChessBase"]
[PlyCount "81"]
[EventDate "2019.01.27"]
[EventType "swiss"]
[EventCountry "TUR"]
[SourceTitle "playchess.com"]
[Source "ChessBase"]
[SourceQuality "1"]

1. d4 Nf6 2. c4 g6 3. Nc3 Bg7 4. e4 d6 5. Be2 O-O 6. Bg5 Na6 7. Qd2 Qe8 8. f3 e5 9. d5 Bd7 10. g4 Nc5 11. h4 a6 12. Nh3 b5 13. Be3 b4 14. Nd1 Ncxe4 15. fxe4 Nxe4 16. Qc2 f5 17. Rg1 Qe7 18. Ng5 Nf6 19. gxf5 Bxf5 20. Bd3 e4 21. Be2 c6 22. Bd4 h6 23. Ne6 e3 24. Qxf5 gxf5 25. Nxe3 Ne8 26. O-O-O Rf6 27. Bd3 Kh8 28. Nxf5 Rxf5 29. Nxg7 Re5 30. Nf5 Qf6 31. h5 c5 32. Bxe5 Qxe5 33. Rg6 Ra7 34. Rdg1 Nf6 35. Kb1 a5 36. Nxh6 Ne4 37. Re6 Nd2+ 38. Kc2 b3+ 39. axb3 Rg7 40. Rxe5 Rxg1 41. Re8+ 1-0